Statistics for Mal's General Knowledge 22

Click here to take the quiz!

General Stats

  • This quiz has been taken 115 times
  • The average score is 8 of 20

Answer Stats

HintAnswer% Correct
What is the Capital City of Lithuania?Vilnius
65%
How many Countries are there in Africa?54
63%
How many bones are there in a Giraffe's Neck?7
63%
What is 'Tortiglioni'?Pasta
63%
How many No. 1 Hits did Elvis have in the USA?18
52%
Tungsten (atomic No. 74) is represented by what Symbol in the Periodic Table?W (wolfrum)
51%
What is the 'Birthstone' for May?Emerald
48%
Who was assassinated by 'Nathuram Vinayak Godse' in January 1948?Mahatma Gandhi
47%
Where are the famous TT Motorcylce Races held every year?Isle of Man, UK
46%
The composer Franz Schubert born in Vienna had how many of his Symphonies published in his lifetime?None
43%
What is the Science of 'Projectiles and Firearms'?Ballistics
37%
Which Artist painted 'Le Déjeuner sur l'herbe'?Édouard Manet
37%
The largest Moon (Satelitte) in the Solar System is?Ganymede (Jupiter)
33%
In which Country is the 'Halle Orchestra' based?UK
30%
What is the coniferous forest of high northern latitueds between the Tundra and the Steppes known as?The Taiga
28%
What Musical Instrument made Larry Adler famous?Harmonica
26%
What is the Official Currency of Indonesia?The Rupiah
19%
Who discovered that it is possible to Generate an Electric Current if a conductor crosses the lines of force in a magnetic field?Michael Faraday
17%
In the 1500s, which famous American's ancestors arrived in the Irish Province of Munster from Somerset England, as Protestant Settlers?Henry Ford
3%
A 'Ruminant' has 4 compartments to its stomach, Reticulum, Omasum and Abomasum and what is the name of the fourth?Rumen
2%

Score Distribution

Percentile by Number Answered

Percent of People with Each Score

Your Score History

You have not taken this quiz